[Event "OEISM 0818 BLMM"]
[Site "austriablmm"]
[Date "2020.12.12"]
[Round "3"]
[White "BiancaD"]
[Black "Zauberbiene"]
[Result "1/2-1/2"]
[WhiteElo "1567"]
[BlackElo "1620"]
[Annotator "NA RC"]
[PlyCount "165"]
[EventDate "2020.12.12"]
[EventType "blitz"]

1. e4 {[%emt 0:00:01]} e5 {[%emt 0:00:52]} 2. Nf3 {[%emt 0:00:02]} Nc6 {[%emt 0:00:03]} 3. Bc4 {[%emt 0:00:02]} Nf6 {[%emt 0:00:29]} 4. d3 {[%emt 0:00:05]} Bb4+ {[%emt 0:00:04]} 5. c3 {[%emt 0:00:06]} Bc5 {[%emt 0:00:05]} 6. O-O {[%emt 0:00:05]} d6 {[%emt 0:00:06]} 7. Bg5 {[%emt 0:00:02]} a6 {[%emt 0:00:05]} 8. h3 {[%emt 0:00:07]} Qd7 {[%emt 0:00:11]} 9. Bxf6 {[%emt 0:00:16]} gxf6 {[%emt 0:00:05]} 10. a4 {[%emt 0:00:14]} Rg8 {[%emt 0:00:16]} 11. g4 {[%emt 0:01:17]} Qe7 {[%emt 0:00:11]} 12. Nh2 {[%emt 0:00:10]} Na5 {[%emt 0:00:32]} 13. Nd2 {[%emt 0:00:11]} Be6 {[%emt 0:00:17]} 14. Bxe6 {[%emt 0:00:08]} Qxe6 {[%emt 0:00:05]} 15. d4 {[%emt 0:00:10]} exd4 {[%emt 0:00:05]} 16. cxd4 {[%emt 0:00:11]} Bxd4 {[%emt 0:00:08]} 17. b4 {[%emt 0:00:10]} Nc6 {[%emt 0:00:07]} 18. Rc1 {[%emt 0:00:13]} O-O-O {[%emt 0:01:12]} 19. b5 {[%emt 0:00:12]} Na5 {[%emt 0:00:44]} 20. Qc2 {[%emt 0:00:13]} Rd7 {[%emt 0:00:24]} 21. Ndf3 {[%emt 0:00:21]} Bc5 {[%emt 0:00:17]} 22. Qc3 {[%emt 0:00:21]} Qxe4 {[%emt 0:00:56]} 23. Qxa5 {[%emt 0:00:15]} Bb4 {[%emt 0:00:52]} 24. Rfe1 {[%emt 0:00:31]} Bxa5 {[%emt 0:00:21]} 25. Rxe4 {[%emt 0:00:03]} d5 {[%emt 0:00:08]} 26. Rd4 {[%emt 0:00:03]} Re8 {[%emt 0:00:17]} 27. Rcd1 {[%emt 0:00:13]} c6 {[%emt 0:00:21]} 28. bxc6 {[%emt 0:00:12]} bxc6 {[%emt 0:00:02]} 29. Nf1 {[%emt 0:00:18]} Bb6 {[%emt 0:00:16]} 30. R4d3 {[%emt 0:00:08]} Re4 {[%emt 0:00:07]} 31. g5 {[%emt 0:00:10]} fxg5 {[%emt 0:00:10]} 32. Nxg5 {[%emt 0:00:02]} Rxa4 {[%emt 0:00:02]} 33. Nxh7 {[%emt 0:00:42]} Ra2 {[%emt 0:00:05]} 34. R1d2 {[%emt 0:00:05]} Ra1 {[%emt 0:00:09]} 35. Rd1 {[%emt 0:00:11]} Ra2 {[%emt 0:00:03]} 36. R1d2 {[%emt 0:00:01]} Rxd2 {[%emt 0:00:05]} 37. Rxd2 {[%emt 0:00:02]} f5 {[%emt 0:00:09]} 38. Rb2 {[%emt 0:00:02]} Bd4 {[%emt 0:00:12]} 39. Rb4 {[%emt 0:00:03]} c5 {[%emt 0:00:05]} 40. Rxd4 {[%emt 0:00:38]} cxd4 {[%emt 0:00:04]} 41. Ng5 {[%emt 0:00:02]} d3 {[%emt 0:00:11]} 42. Nd2 {[%emt 0:00:02]} a5 {[%emt 0:00:06]} 43. Kf1 {[%emt 0:00:01]} a4 {[%emt 0:00:02]} 44. Ke1 {[%emt 0:00:04]} a3 {[%emt 0:00:02]} 45. Nb3 {[%emt 0:00:01]} a2 {[%emt 0:00:03]} 46. Kd2 {[%emt 0:00:05]} Ra7 {[%emt 0:00:08]} 47. Kxd3 {[%emt 0:00:05]} a1=Q {[%emt 0:00:05]} 48. Nxa1 {[%emt 0:00:01]} Rxa1 {[%emt 0:00:02]} 49. Kd4 {[%emt 0:00:01]} Rd1+ {[%emt 0:00:02]} 50. Ke3 {[%emt 0:00:02]} d4+ {[%emt 0:00:03]} 51. Ke2 {[%emt 0:00:01]} Ra1 {[%emt 0:00:06]} 52. Nf3 {[%emt 0:00:01]} Ra2+ {[%emt 0:00:04]} 53. Kd3 {[%emt 0:00:01]} Ra3+ {[%emt 0:00:02]} 54. Ke2 {[%emt 0:00:04]} d3+ {[%emt 0:00:03]} 55. Kd2 {[%emt 0:00:01]} Kd7 {[%emt 0:00:05]} 56. Ne5+ {[%emt 0:00:03]} Ke6 {[%emt 0:00:06]} 57. Nxd3 {[%emt 0:00:01]} Ra2+ {[%emt 0:00:09]} 58. Ke3 {[%emt 0:00:02]} Ra5 {[%emt 0:00:19]} 59. f4 {[%emt 0:00:04]} Kd5 {[%emt 0:00:07]} 60. h4 {[%emt 0:00:02]} Kc4 {[%emt 0:00:03]} 61. Ne5+ {[%emt 0:00:07]} Kc3 {[%emt 0:00:15]} 62. h5 {[%emt 0:00:03]} Ra1 {[%emt 0:00:08] Zauberbiene offers a draw} 63. Kf3 {[%emt 0:00:11]} Rf1+ {[%emt 0:00:03]} 64. Ke3 {[%emt 0:00:01]} Re1+ {[%emt 0:00:02]} 65. Kf2 {[%emt 0:00:01]} Rc1 {[%emt 0:00:05]} 66. h6 {[%emt 0:00:02]} Kd2 {[%emt 0:00:04]} 67. h7 {[%emt 0:00:02]} Rc8 {[%emt 0:00:03]} 68. Nf3+ {[%emt 0:00:04]} Kd3 {[%emt 0:00:07]} 69. Ng5 {[%emt 0:00:01]} Rh8 {[%emt 0:00:06]} 70. Kg3 {[%emt 0:00:02]} Ra8 {[%emt 0:00:02]} 71. Kh4 {[%emt 0:00:03]} Rh8 {[%emt 0:00:02]} 72. Kh5 {[%emt 0:00:02]} Ra8 {[%emt 0:00:04]} 73. Kg6 {[%emt 0:00:02]} Ke3 {[%emt 0:00:02]} 74. Kxf5 {[%emt 0:00:07]} Ke2 {[%emt 0:00:05]} 75. Kg6 {[%emt 0:00:02]} Ke3 {[%emt 0:00:02]} 76. Kg7 {[%emt 0:00:03]} Kxf4 {[%emt 0:00:01]} 77. Ne6+ {[%emt 0:00:04]} Ke3 {[%emt 0:00:05]} 78. Nc5 {[%emt 0:00:29]} Ke2 {[%emt 0:00:03]} 79. Nd7 {[%emt 0:00:02]} Kd1 {[%emt 0:00:07]} 80. Ne5 {[%emt 0:00:01]} Rb8 {[%emt 0:00:03]} 81. Nf7 {[%emt 0:00:02]} Ra8 {[%emt 0:00:01]} 82. h8=Q {[%emt 0:00:42]} Rxh8 {[%emt 0:00:03]} 83. Nxh8 {[%emt 0:00:02] No Material No Material} 1/2-1/2

[Event "OEISM 0818 BLMM"]
[Site "austriablmm"]
[Date "2020.12.12"]
[Round "3"]
[White "Einhorn2010"]
[Black "Armin_Donner"]
[Result "1-0"]
[WhiteElo "1541"]
[BlackElo "1491"]
[Annotator "NA RC"]
[PlyCount "63"]
[EventDate "2020.12.12"]
[EventType "blitz"]

1. d4 {[%emt 0:00:07]} d5 {[%emt 0:00:03]} 2. Bf4 {[%emt 0:00:02]} Bf5 {[%emt 0:00:04]} 3. e3 {[%emt 0:00:01]} e6 {[%emt 0:00:03]} 4. Nf3 {[%emt 0:00:02]} Nc6 {[%emt 0:00:04]} 5. c3 {[%emt 0:00:02]} Nf6 {[%emt 0:00:04]} 6. Nbd2 {[%emt 0:00:02]} Ng4 {[%emt 0:00:14]} 7. h3 {[%emt 0:00:04]} Nf6 {[%emt 0:00:04]} 8. Ne5 {[%emt 0:00:04]} Bd6 {[%emt 0:00:34]} 9. Ndf3 {[%emt 0:00:03]} O-O {[%emt 0:00:10]} 10. Bd3 {[%emt 0:00:03]} Bxd3 {[%emt 0:00:04]} 11. Qxd3 {[%emt 0:00:02]} h6 {[%emt 0:00:23]} 12. O-O-O {[%emt 0:00:13]} Ne4 {[%emt 0:00:13]} 13. Nxc6 {[%emt 0:00:11]} Nxf2 {[%emt 0:00:08]} 14. Qc2 {[%emt 0:00:08]} Qd7 {[%emt 0:00:09]} 15. Qxf2 {[%emt 0:00:04]} Qxc6 {[%emt 0:00:03]} 16. Bxd6 {[%emt 0:00:06]} cxd6 {[%emt 0:00:03]} 17. g4 {[%emt 0:00:04]} Qa4 {[%emt 0:00:08]} 18. Kb1 {[%emt 0:00:03]} b5 {[%emt 0:00:05]} 19. g5 {[%emt 0:00:08]} hxg5 {[%emt 0:00:10]} 20. Nxg5 {[%emt 0:00:02]} f6 {[%emt 0:00:05]} 21. Nxe6 {[%emt 0:00:03]} Rfe8 {[%emt 0:00:04]} 22. Nc7 {[%emt 0:00:03]} Reb8 {[%emt 0:00:09]} 23. Nxa8 {[%emt 0:00:03]} Rxa8 {[%emt 0:00:02]} 24. Rhg1 {[%emt 0:00:01]} Kf8 {[%emt 0:00:06]} 25. Qg3 {[%emt 0:00:09]} Ke7 {[%emt 0:00:10]} 26. Qxg7+ {[%emt 0:00:03]} Ke6 {[%emt 0:00:02]} 27. Qg4+ {[%emt 0:00:07]} Ke7 {[%emt 0:00:04]} 28. Rc1 {[%emt 0:00:03]} Qc4 {[%emt 0:00:09]} 29. Qg7+ {[%emt 0:00:04]} Ke6 {[%emt 0:00:03]} 30. Rg6 {[%emt 0:00:07]} Qd3+ {[%emt 0:00:03]} 31. Ka1 {[%emt 0:00:06]} Rh8 {[%emt 0:00:16]} 32. Rxf6# {[%emt 0:00:03] (Lag: Av=0.34s, max=0.5s) Mate} 1-0

[Event "OEISM 0818 BLMM"]
[Site "austriablmm"]
[Date "2020.12.12"]
[Round "3"]
[White "Freeclimber"]
[Black "Famol"]
[Result "0-1"]
[WhiteElo "1519"]
[BlackElo "1611"]
[Annotator "NA RC"]
[PlyCount "104"]
[EventDate "2020.12.12"]
[EventType "blitz"]

1. e4 {[%emt 0:00:03]} c6 {[%emt 0:00:01]} 2. Nf3 {[%emt 0:00:02]} d6 {[%emt 0:00:01]} 3. Nc3 {[%emt 0:00:02]} Nd7 {[%emt 0:00:01]} 4. Bc4 {[%emt 0:00:06]} Qc7 {[%emt 0:00:01]} 5. O-O {[%emt 0:00:03]} e5 {[%emt 0:00:01]} 6. d3 {[%emt 0:00:02]} Be7 {[%emt 0:00:02]} 7. Be3 {[%emt 0:00:03]} Ngf6 {[%emt 0:00:01]} 8. Ng5 {[%emt 0:00:09]} O-O {[%emt 0:00:03]} 9. Qf3 {[%emt 0:00:08]} Nb6 {[%emt 0:00:12]} 10. Bb3 {[%emt 0:00:35]} Bg4 {[%emt 0:00:48]} 11. Qg3 {[%emt 0:00:16]} Qd7 {[%emt 0:00:05]} 12. Qh4 {[%emt 0:00:28]} h6 {[%emt 0:00:08]} 13. Nf3 {[%emt 0:00:04]} Nh5 {[%emt 0:00:16]} 14. Bg5 {[%emt 0:00:29]} Bxg5 {[%emt 0:01:04]} 15. Nxg5 {[%emt 0:00:05]} hxg5 {[%emt 0:00:01]} 16. Qxg5 {[%emt 0:00:04]} Nf6 {[%emt 0:00:02]} 17. Rae1 {[%emt 0:00:22]} Be6 {[%emt 0:00:03]} 18. Re3 {[%emt 0:00:13]} Nh7 {[%emt 0:00:59]} 19. Qh4 {[%emt 0:00:39]} f6 {[%emt 0:00:22]} 20. Qg3 {[%emt 0:00:22]} Kf7 {[%emt 0:00:17]} 21. Bxe6+ {[%emt 0:00:18]} Qxe6 {[%emt 0:00:01]} 22. Ne2 {[%emt 0:00:18]} Rg8 {[%emt 0:00:08]} 23. Qh4 {[%emt 0:00:33]} Nf8 {[%emt 0:00:34]} 24. Rh3 {[%emt 0:00:23]} Ng6 {[%emt 0:00:13]} 25. Qh5 {[%emt 0:00:36]} Rh8 {[%emt 0:00:04]} 26. Qf3 {[%emt 0:00:07]} Rxh3 {[%emt 0:00:03]} 27. Qxh3 {[%emt 0:00:04]} Qxh3 {[%emt 0:00:02]} 28. gxh3 {[%emt 0:00:02]} Rh8 {[%emt 0:00:01]} 29. Ng3 {[%emt 0:00:17]} Nf4 {[%emt 0:00:07]} 30. Kh1 {[%emt 0:00:17]} g6 {[%emt 0:00:07]} 31. Re1 {[%emt 0:00:28]} Nxh3 {[%emt 0:00:08]} 32. Re3 {[%emt 0:00:17]} Nxf2+ {[%emt 0:00:03]} 33. Kg1 {[%emt 0:00:04]} Ng4 {[%emt 0:00:05]} 34. Rf3 {[%emt 0:00:07]} Rxh2 {[%emt 0:00:13]} 35. Kf1 {[%emt 0:00:19]} Rxc2 {[%emt 0:00:03]} 36. Ne2 {[%emt 0:00:09]} Nh2+ {[%emt 0:00:03]} 37. Kf2 {[%emt 0:00:14]} Nxf3 {[%emt 0:00:02]} 38. Kxf3 {[%emt 0:00:04]} Rxb2 {[%emt 0:00:01]} 39. Ng3 {[%emt 0:00:03]} Rxa2 {[%emt 0:00:03]} 40. Ke3 {[%emt 0:00:01]} Ra3 {[%emt 0:00:01]} 41. Kd2 {[%emt 0:00:03]} Nc4+ {[%emt 0:00:04]} 42. Kc2 {[%emt 0:00:04]} Ne3+ {[%emt 0:00:10]} 43. Kd2 {[%emt 0:00:02]} Ng4 {[%emt 0:00:10]} 44. Ke2 {[%emt 0:00:03]} a5 {[%emt 0:00:01]} 45. Kf3 {[%emt 0:00:02]} Nh6 {[%emt 0:00:03]} 46. Kg2 {[%emt 0:00:03]} Rxd3 {[%emt 0:00:01]} 47. Kh3 {[%emt 0:00:02]} a4 {[%emt 0:00:03]} 48. Kh4 {[%emt 0:00:03]} a3 {[%emt 0:00:01]} 49. Kh3 {[%emt 0:00:02]} a2 {[%emt 0:00:02]} 50. Kh4 {[%emt 0:00:02]} a1=Q {[%emt 0:00:15]} 51. Kh3 {[%emt 0:00:03]} Qd1 {[%emt 0:00:02]} 52. Kh4 {[%emt 0:00:03]} Qg4# {[%emt 0:00:01] Mate Mate} 0-1

[Event "OEISM 0818 BLMM"]
[Site "austriablmm"]
[Date "2020.12.12"]
[Round "3"]
[White "Mostinchen"]
[Black "Julian17"]
[Result "0-1"]
[WhiteElo "1500"]
[BlackElo "1800"]
[Annotator "NA RC"]
[PlyCount "66"]
[EventDate "2020.12.12"]
[EventType "blitz"]

1. e4 {[%emt 0:00:03]} c5 {[%emt 0:00:02]} 2. d4 {[%emt 0:00:03]} cxd4 {[%emt 0:00:02]} 3. Nf3 {[%emt 0:00:01]} Nc6 {[%emt 0:00:04]} 4. Nxd4 {[%emt 0:00:04]} e6 {[%emt 0:00:01]} 5. Nc3 {[%emt 0:00:08]} Nf6 {[%emt 0:00:02]} 6. Nxc6 {[%emt 0:00:06]} bxc6 {[%emt 0:00:02]} 7. Bd3 {[%emt 0:00:08]} d5 {[%emt 0:00:03]} 8. Bg5 {[%emt 0:00:27]} Be7 {[%emt 0:00:06]} 9. e5 {[%emt 0:00:39]} Nd7 {[%emt 0:00:06]} 10. Bxe7 {[%emt 0:00:04]} Qxe7 {[%emt 0:00:00]} 11. Qe2 {[%emt 0:00:03]} Rb8 {[%emt 0:00:07]} 12. b3 {[%emt 0:00:44]} Qb4 {[%emt 0:00:12]} 13. Qd2 {[%emt 0:00:18]} Nxe5 {[%emt 0:00:18]} 14. O-O {[%emt 0:00:06]} Nxd3 {[%emt 0:00:10]} 15. cxd3 {[%emt 0:00:03]} O-O {[%emt 0:00:27]} 16. Rac1 {[%emt 0:00:19]} Bd7 {[%emt 0:00:23]} 17. Rfd1 {[%emt 0:01:00]} e5 {[%emt 0:00:25]} 18. Qb2 {[%emt 0:00:25]} Qd6 {[%emt 0:00:15]} 19. Na4 {[%emt 0:00:43]} Rb5 {[%emt 0:01:36]} 20. d4 {[%emt 0:00:41]} e4 {[%emt 0:00:08]} 21. Nc5 {[%emt 0:00:04]} Bg4 {[%emt 0:00:26]} 22. Re1 {[%emt 0:00:13]} Qg6 {[%emt 0:00:58]} 23. Re3 {[%emt 0:00:52]} Bf3 {[%emt 0:00:20]} 24. g3 {[%emt 0:00:07]} Qg4 {[%emt 0:00:33]} 25. Kf1 {[%emt 0:01:23]} Qh3+ {[%emt 0:00:03]} 26. Ke1 {[%emt 0:00:02]} Qxh2 {[%emt 0:00:13]} 27. Rxf3 {[%emt 0:00:57]} exf3 {[%emt 0:00:11]} 28. Nd3 {[%emt 0:00:27]} Re8+ {[%emt 0:00:07]} 29. Kd2 {[%emt 0:00:01]} Re2+ {[%emt 0:00:04]} 30. Kc3 {[%emt 0:00:05]} Rxb2 {[%emt 0:00:05]} 31. Kxb2 {[%emt 0:00:03]} Qh6 {[%emt 0:00:13]} 32. Nf4 {[%emt 0:00:24]} Qf6 {[%emt 0:00:04]} 33. Kc3 {[%emt 0:00:05]} c5 {[%emt 0:00:05] Mostinchen resigns} 0-1

[Event "OEISM 0818 BLMM"]
[Site "austriablmm"]
[Date "2020.12.12"]
[Round "3"]
[White "Tobias Gartner"]
[Black "Blacky247"]
[Result "0-1"]
[WhiteElo "1498"]
[BlackElo "1454"]
[Annotator "NA RC"]
[PlyCount "100"]
[EventDate "2020.12.12"]
[EventType "blitz"]

1. e4 {[%emt 0:00:01]} e5 {[%emt 0:00:03]} 2. Nf3 {[%emt 0:00:02]} d6 {[%emt 0:00:03]} 3. h3 {[%emt 0:00:01]} Nf6 {[%emt 0:00:01]} 4. Nc3 {[%emt 0:00:03]} Nc6 {[%emt 0:00:01]} 5. a3 {[%emt 0:00:01]} Bd7 {[%emt 0:00:02]} 6. Bb5 {[%emt 0:00:02]} Be7 {[%emt 0:00:02]} 7. Bxc6 {[%emt 0:00:02]} Bxc6 {[%emt 0:00:02]} 8. O-O {[%emt 0:00:04]} O-O {[%emt 0:00:02]} 9. Re1 {[%emt 0:00:02]} h6 {[%emt 0:00:01]} 10. d3 {[%emt 0:00:03]} Nh5 {[%emt 0:00:10]} 11. Be3 {[%emt 0:00:10]} Nf4 {[%emt 0:00:04]} 12. Bxf4 {[%emt 0:00:03]} exf4 {[%emt 0:00:01]} 13. Qd2 {[%emt 0:00:05]} Bg5 {[%emt 0:00:20]} 14. Nxg5 {[%emt 0:00:04]} hxg5 {[%emt 0:00:03]} 15. Rad1 {[%emt 0:00:02]} Qd7 {[%emt 0:00:08]} 16. Kf1 {[%emt 0:00:04]} Rad8 {[%emt 0:00:09]} 17. Re2 {[%emt 0:00:14]} a6 {[%emt 0:00:04]} 18. Rde1 {[%emt 0:00:06]} Bb5 {[%emt 0:00:09]} 19. Nxb5 {[%emt 0:00:05]} axb5 {[%emt 0:00:02]} 20. Kg1 {[%emt 0:00:03]} Rde8 {[%emt 0:00:05]} 21. Rd1 {[%emt 0:00:12]} Rd8 {[%emt 0:00:13]} 22. Qe1 {[%emt 0:00:06]} Qe6 {[%emt 0:00:14]} 23. Ra1 {[%emt 0:00:07]} c6 {[%emt 0:00:05]} 24. Qd2 {[%emt 0:00:04]} Qd7 {[%emt 0:00:03]} 25. Rd1 {[%emt 0:00:05]} Rde8 {[%emt 0:00:06]} 26. Rde1 {[%emt 0:00:03]} Re6 {[%emt 0:00:03]} 27. c3 {[%emt 0:00:08]} Qc7 {[%emt 0:00:05]} 28. Rb1 {[%emt 0:00:10]} Rfe8 {[%emt 0:00:03]} 29. Kf1 {[%emt 0:00:05]} Qd7 {[%emt 0:00:05]} 30. Rc1 {[%emt 0:00:07]} R8e7 {[%emt 0:00:04]} 31. Rc2 {[%emt 0:00:05]} Qe8 {[%emt 0:00:04]} 32. Qe1 {[%emt 0:00:05]} Re5 {[%emt 0:00:22]} 33. g4 {[%emt 0:00:12]} R5e6 {[%emt 0:00:04]} 34. Rcd2 {[%emt 0:00:05]} Qd7 {[%emt 0:00:04]} 35. Kg1 {[%emt 0:00:08]} Qe8 {[%emt 0:00:09]} 36. Rd1 {[%emt 0:00:06]} d5 {[%emt 0:00:06]} 37. Rdd2 {[%emt 0:00:18]} dxe4 {[%emt 0:00:04]} 38. dxe4 {[%emt 0:00:04]} Rxe4 {[%emt 0:00:05]} 39. Rxe4 {[%emt 0:00:06]} Rxe4 {[%emt 0:00:03]} 40. Qf1 {[%emt 0:00:13]} Re1 {[%emt 0:00:22]} 41. Qxe1 {[%emt 0:00:13]} Qxe1+ {[%emt 0:00:03]} 42. Kg2 {[%emt 0:00:02]} Qxd2 {[%emt 0:00:02]} 43. Kf3 {[%emt 0:00:07]} Qxb2 {[%emt 0:00:02]} 44. Ke4 {[%emt 0:00:07]} Qxc3 {[%emt 0:00:03]} 45. Kf5 {[%emt 0:00:02]} Qf6+ {[%emt 0:00:02]} 46. Ke4 {[%emt 0:00:03]} Qe6+ {[%emt 0:00:03] Tobias Gartner offers a draw} 47. Kf3 {[%emt 0:00:12]} Qb3+ {[%emt 0:00:05]} 48. Ke4 {[%emt 0:00:02]} Qxa3 {[%emt 0:00:06]} 49. Kf5 {[%emt 0:00:07]} Qe7 {[%emt 0:00:05]} 50. f3 {[%emt 0:00:14]} g6# {[%emt 0:00:02] Mate Mate} 0-1

[Event "OEISM 0818 BLMM"]
[Site "austriablmm"]
[Date "2020.12.12"]
[Round "3"]
[White "Theodor_13"]
[Black "Jeremia07"]
[Result "0-1"]
[WhiteElo "1403"]
[BlackElo "1219"]
[Annotator "NA RC"]
[PlyCount "122"]
[EventDate "2020.12.12"]
[EventType "blitz"]

{Theodor_13 reconnected.} 1. e4 {[%emt 0:00:28]} e5 {[%emt 0:00:05]} 2. Qh5 {[%emt 0:00:03]} Nf6 {[%emt 0:00:06]} 3. Qxe5+ {[%emt 0:00:02]} Qe7 {[%emt 0:00:13]} 4. Qg3 {[%emt 0:00:03]} Qxe4+ {[%emt 0:00:05]} 5. Be2 {[%emt 0:00:08]} Qxc2 {[%emt 0:00:18]} 6. Qe3+ {[%emt 0:00:13]} Qe4 {[%emt 0:00:13]} 7. f3 {[%emt 0:00:05]} Qxe3 {[%emt 0:00:05]} 8. dxe3 {[%emt 0:00:02]} Nc6 {[%emt 0:00:02]} 9. e4 {[%emt 0:00:08]} Bb4+ {[%emt 0:00:05]} 10. Bd2 {[%emt 0:00:04]} Bxd2+ {[%emt 0:00:04]} 11. Nxd2 {[%emt 0:00:02]} O-O {[%emt 0:00:04]} 12. Bb5 {[%emt 0:00:11]} Nd4 {[%emt 0:00:05]} 13. a4 {[%emt 0:00:06]} Nc2+ {[%emt 0:00:10]} 14. Kd1 {[%emt 0:00:08]} Nxa1 {[%emt 0:00:04]} 15. Nc4 {[%emt 0:00:14]} c6 {[%emt 0:00:12]} 16. Nd6 {[%emt 0:00:11]} cxb5 {[%emt 0:00:07]} 17. Nxb5 {[%emt 0:00:00]} a6 {[%emt 0:00:08]} 18. Nc7 {[%emt 0:00:03]} Ra7 {[%emt 0:00:04]} 19. Nd5 {[%emt 0:00:10]} Nxd5 {[%emt 0:00:03]} 20. exd5 {[%emt 0:00:02]} d6 {[%emt 0:00:04]} 21. Ne2 {[%emt 0:00:09]} Nb3 {[%emt 0:00:09]} 22. Nc3 {[%emt 0:00:12]} Bf5 {[%emt 0:00:19]} 23. g4 {[%emt 0:00:04]} Bd3 {[%emt 0:00:11]} 24. Re1 {[%emt 0:00:07]} b5 {[%emt 0:00:13]} 25. axb5 {[%emt 0:00:04]} Bxb5 {[%emt 0:00:04]} 26. Re3 {[%emt 0:00:08]} Nd4 {[%emt 0:00:07]} 27. Rd3 {[%emt 0:00:03]} Nb3 {[%emt 0:00:18]} 28. Re3 {[%emt 0:00:09]} a5 {[%emt 0:00:16]} 29. Re4 {[%emt 0:00:05]} Bd3 {[%emt 0:00:12]} 30. Re3 {[%emt 0:00:06]} Bg6 {[%emt 0:00:07]} 31. f4 {[%emt 0:00:07]} h5 {[%emt 0:00:06]} 32. f5 {[%emt 0:00:02]} Bh7 {[%emt 0:00:02]} 33. gxh5 {[%emt 0:00:05]} Bxf5 {[%emt 0:00:03]} 34. Rf3 {[%emt 0:00:02]} Bg4 {[%emt 0:00:04]} 35. Nb5 {[%emt 0:00:08]} Rd7 {[%emt 0:00:06]} 36. Ke2 {[%emt 0:00:00]} Bxf3+ {[%emt 0:00:03]} 37. Kxf3 {[%emt 0:00:02]} a4 {[%emt 0:00:01]} 38. Ke4 {[%emt 0:00:06]} Nd2+ {[%emt 0:00:04]} 39. Ke3 {[%emt 0:00:03]} Nb1 {[%emt 0:00:06]} 40. h3 {[%emt 0:00:12]} Re8+ {[%emt 0:00:04]} 41. Kd4 {[%emt 0:00:09]} Rb7 {[%emt 0:00:03]} 42. Nxd6 {[%emt 0:00:03]} Rxb2 {[%emt 0:00:05]} 43. Nxe8 {[%emt 0:00:02]} a3 {[%emt 0:00:02]} 44. d6 {[%emt 0:00:03]} Rb4+ {[%emt 0:00:07]} 45. Kc5 {[%emt 0:00:03]} Rb8 {[%emt 0:00:03]} 46. d7 {[%emt 0:00:03]} a2 {[%emt 0:00:05]} 47. Kc6 {[%emt 0:00:11]} a1=Q {[%emt 0:00:03]} 48. Kc7 {[%emt 0:00:01]} Qa8 {[%emt 0:00:12]} 49. d8=Q {[%emt 0:00:03]} Rxd8 {[%emt 0:00:02]} 50. Nd6 {[%emt 0:00:06]} Qa7+ {[%emt 0:00:06]} 51. Kxd8 {[%emt 0:00:02]} Qd4 {[%emt 0:00:06]} 52. Kd7 {[%emt 0:00:03]} Nc3 {[%emt 0:00:05]} 53. Kc6 {[%emt 0:00:04]} Ne4 {[%emt 0:00:03]} 54. Nb5 {[%emt 0:00:03]} Qf6+ {[%emt 0:00:05]} 55. Nd6 {[%emt 0:00:04]} Qxd6+ {[%emt 0:00:06]} 56. Kb7 {[%emt 0:00:02]} Kf8 {[%emt 0:00:04]} 57. Ka8 {[%emt 0:00:03]} Qb4 {[%emt 0:00:07]} 58. Ka7 {[%emt 0:00:02]} Ke7 {[%emt 0:00:02]} 59. Ka8 {[%emt 0:00:02]} Kd7 {[%emt 0:00:02]} 60. Ka7 {[%emt 0:00:02]} Kc7 {[%emt 0:00:02]} 61. Ka8 {[%emt 0:00:00]} Qb7# {[%emt 0:00:03]} 0-1

[Event "OEISM 0818 BLMM"]
[Site "austriablmm"]
[Date "2020.12.12"]
[Round "4"]
[White "DoHoChess"]
[Black "Sebsep1"]
[Result "0-1"]
[WhiteElo "2260"]
[BlackElo "2027"]
[Annotator "TA"]
[PlyCount "126"]
[EventDate "2020.12.12"]
[EventType "blitz"]

{[%evp 27,126,66,90,97,91,90,93,94,91,96,152,122,131,129,216,62,58,41,46,56,66,56,125,141,120,122,168,86,96,87,114,96,175,66,79,-92,-93,-769,-755,-726,-711,-1487,-715,-1331,-712,-697,-587,-580,-583,-583,-524,-581,-575,-508,-519,-387,-425,-516,-485,-672,-744,-1091,-790,-1043,-1020,-2643,-2518,-5073,-10835,-6041,-5991,-5052,-2537,-2243,-1950,-2158,-2091,-2072,-1983,-1758,-1689,-29981,-29982,-29982,-29983,-29983,-29984,-29984,-29984,-29984,-29984,-29984,-29985,-29984,-29986,-29984,-29985,-29987,-29988,-29988,-29989]} 1. Nf3 Nf6 2. c4 g6 3. Nc3 Bg7 4. e4 d6 5. d4 O-O 6. Be2 e5 7. O-O Nc6 8. d5 Ne7 9. Ne1 Nd7 10. Nd3 f5 11. f3 f4 12. Bd2 g5 13. Rc1 Nf6 14. c5 h5 15. Nb5 {E99: King's Indian: Classical Main Line: 9 Ne1 Nd7 10 f3 f5.} Ne8 16. Ba5 {And now cxd6 would win.} b6 17. cxd6 {White is better.} cxd6 18. Be1 Ng6 {[#]} ({Black should try} 18... a5) 19. a4 $146 ({Predecessor:} 19. h3 g4 20. fxg4 Qg5 21. Rxc8 Rxc8 22. gxh5 Nh4 23. Bxh4 Qxh4 24. Nxa7 Rc7 25. Nb5 Rcf7 26. Bg4 Rf6 27. Be6+ Kh8 28. Qg4 Qg3 29. Rf3 {1-0 (29) Luz,A (2077)-Damaceno,M (1945) Sao Paulo 2017}) 19... a6 20. Na3 Nf6 (20... Bh6 $16 {was worth a try.}) 21. Nf2 $2 (21. Nb4 $18) 21... g4 $14 22. fxg4 hxg4 23. Bxg4 Nxg4 24. Nxg4 Qg5 (24... Bd7 $14) 25. h3 $16 f3 26. Bd2 ({Much less strong is} 26. Rxf3 $6 Rxf3 27. gxf3 Nf4 $14) 26... Qh4 27. Rxc8 (27. Rxf3 $18 Bxg4 28. hxg4) 27... Raxc8 28. Rxf3 Rxf3 29. Qxf3 Rf8 (29... Nf4 $16) 30. Qe2 ({White should play} 30. Qe3 $18) 30... Nf4 {[#]} 31. Bxf4 $2 (31. Qe3 $1 $16 {stays on course.}) 31... exf4 $17 32. Qf3 $2 {[%mdl 8192]} (32. Nc2 $17) 32... Qe1+ $19 33. Kh2 Bd4 {[%csl Gd4][%cal Re1g1]} 34. h4 Qxh4+ 35. Qh3 Qxh3+ 36. Kxh3 {[%mdl 4096] Endgame KRB-KNN} Rc8 37. Nh6+ Kf8 38. b3 Rc3+ 39. Kg4 Rxb3 40. Nc4 Be5 {...Rg3+ is the strong threat.} 41. Nf5 Rb4 42. Ncxd6 Rxa4 43. Nb7 {White hopes to continue with Nh4.} Rxe4 44. d6 Ke8 {aiming for ...f3+!} 45. Kg5 Kd7 46. Kg6 a5 47. Kf7 a4 48. Ne7 Bxd6 49. Nd5 a3 50. Nf6+ Kc6 {( -> ...Re7+)} 51. Nxe4 a2 52. Nbxd6 a1=Q 53. Nf5 Qe5 54. Ned6 {[#]} Qxd6 $1 {Black mates.} 55. Nxd6 Kxd6 {KPP-KP} 56. Kf6 b5 {[%cal Bb6b5,Bb5b4][%mdl 32]} 57. Kf5 b4 58. Ke4 b3 59. Kd3 Kd5 60. Kc3 {[#]} Ke4 $1 61. Kxb3 Ke3 62. Kc3 Kf2 63. Kd3 Kxg2 {What a bad dream for White.  Weighted Error Value: White=1.16/Black=0.55} 0-1